Agroturistike zápecníctvo neprospieva v cestovnom ruchu dať prednosť kvalite pred kvantitou

Hľadanie nových leteckých dopravcov cestovnými kanceláriami pred začiatkom sezóny. Cestovnému ruchu na Slovensku chýba koncepčná politika i samostatný úrad. Slovenské prírodné oblasti, ktoré zápasia s finančnými problémami. Aktivity Okresného úradu vo Vranove zamerané na rozvoj regionálneho cestovné...

Description complète

Enregistré dans:
Détails bibliographiques
Auteur principal: Paličková, Mária
Format: Chapitre de livre
Langue:slovaque
Sujets:
Tags: Ajouter un tag
Pas de tags, Soyez le premier à ajouter un tag!

MARC

LEADER 00000naa a2200000 4500
001 r034367
005 20230824100259.8
041 0 |a slo 
044 |a SK 
245 1 0 |a Agroturistike zápecníctvo neprospieva  |b v cestovnom ruchu dať prednosť kvalite pred kvantitou  |c Mária Paličková 
520 |a Hľadanie nových leteckých dopravcov cestovnými kanceláriami pred začiatkom sezóny. Cestovnému ruchu na Slovensku chýba koncepčná politika i samostatný úrad. Slovenské prírodné oblasti, ktoré zápasia s finančnými problémami. Aktivity Okresného úradu vo Vranove zamerané na rozvoj regionálneho cestovného ruchu. Neochota vidiečanov podnikať v cestovnom ruchu. Pokles príjmov z cestovného ruchu v posledných rokoch. 
610 2 0 |a ruch cestovný 
610 2 0 |a ruch cestovný vidiecky 
610 2 0 |a agroturistika 
610 2 0 |a Slovensko 
610 2 0 |a politika ruchu cestovného 
610 2 0 |a ruch cestovný domáci 
610 2 0 |a regióny 
610 2 0 |a kancelárie cestovné 
610 2 0 |a financie 
610 2 0 |a vidiek 
610 2 0 |a podnikanie 
610 2 0 |a doprava letecká osobná 
100 1 |a Paličková, Mária